Perkhidmatan Awam Malaysia ke arah Wawasan 2020 : Pembaharuan dan kemajuan dalam perkhidmatan awam Malaysia 1994.
| Main Author: | |
|---|---|
| Format: | Book |
| Published: |
Kuala Lumpur:
Kerajaan Malaysia,
1995.
|
| Subjects: |
| LEADER | 00549cam a2200169 7i4500 | ||
|---|---|---|---|
| 001 | 0000003202 | ||
| 005 | 19991025090000.0 | ||
| 002 | ##000004550 | ||
| 020 | 0 | 0 | |a T000004175 |
| 090 | 0 | 0 | |a M 351.6 |b PER |
| 100 | 0 | 0 | |a Ahmad Sarji |u Abdul Hamid |
| 245 | 0 | 0 | |a Perkhidmatan Awam Malaysia ke arah Wawasan 2020 : |b Pembaharuan dan kemajuan dalam perkhidmatan awam Malaysia 1994. |
| 260 | 0 | 0 | |a Kuala Lumpur: |b Kerajaan Malaysia, |c 1995. |
| 300 | 0 | 0 | |a 374 p.. |
| 650 | 0 | 0 | |a Civil service |
| 651 | 0 | 0 | |a Malaysia |
| 999 | |a 0000005108 |b Book |c Open shelf |e Business Information Centre | ||